000 00511nam a2200181Ia 4500
005 20250326125204.0
008 250326s9999 xx 000 0 und d
037 _aTextbook
040 _aFMSL
_beng
_cFMSL
041 _aeng
_2eng
084 _aX3:8M K6
_qFMSL
100 _aScholz W
_9738618
245 0 _aCommunication in the business organization
_cScholz W
260 _aNew Jersey
_bNew Jersey, Prentice-Hall
_c1966
300 _a233p
942 _cTB
_hX3:8M K6
999 _c1276926
_d1276926